| 000 | 01840nam a2200421Ia 4500 | ||
|---|---|---|---|
| 001 | dia_4976 | ||
| 003 | CHAP | ||
| 005 | 20250805122153.0 | ||
| 007 | ta | ||
| 008 | 220117s2012 mx abdof 001 0 spa d | ||
| 040 |
_cCHAP _amxchpua |
||
| 090 |
_aT.C.561 _bH47 SAI _c2012 |
||
| 245 | 1 | 0 |
_aProyecto sistema agroindustrial leche-queso bola de Ocosingo, Chiapas / _ccoordinador Arturo Hernández Montes ; colaboradores Luz Magaly Arreola López...[y otros] |
| 260 |
_aMéxico : _bEl autor, _c2012 |
||
| 300 |
_a92 hojas : _bilustraciones, tablas, gráficas, mapas, fotos |
||
| 336 |
_2rdacontent _atexto _btxt |
||
| 337 |
_2rdamedia _ano mediado _bn |
||
| 338 |
_2rdacarrier _avolumen _bnc |
||
| 500 | _aGrado: 6° año Grupo: 03 Directorio: hojas 92 | ||
| 502 |
_aViaje de estudios _b(SAI) -- _cUACh. Departamento de Ingeniería Agroindustrial, _d2012 |
||
| 504 | _aBibliografía: hoja 49 | ||
| 505 | 0 | 0 | _tEmpresas visitadas: -- 1.Quesos Santa Rosa -- 2.Quesería Laltic -- 3.Quesos la Regional -- 4.Quesos la Peña -- 5.Quesos Bulush Bak -- 6.Quesería Queshil |
| 650 | 1 | 0 |
_aIndustria láctea _zMéxico _zChiapas _9151685 |
| 650 | 1 | 0 |
_aIndustria lechera _zMéxico _zChiapas _9151686 |
| 650 | 1 | 0 |
_aIndustria quesera _zMéxico _zChiapas _9151687 |
| 650 | 1 | 0 |
_aMilk industry _zMexico _zChiapas _9151688 |
| 650 | 1 | 0 |
_aCheese industry _zMexico _zChiapas _9151683 |
| 650 | 1 | 0 |
_aDairy industry _zMexico _zChiapas _9151684 |
| 700 | 1 |
_aHernández Montes, Arturo _9148849 _ecoordinador |
|
| 700 | 1 |
_aArreola López, Luz Magaly _9129038 _ecolaboradora |
|
| 856 | 4 | 1 |
_uhttp://10.13.5.2/ve/TC561_SAI/TC561_SAI_2012-REPORTE.pdf _yDESCARGAR REPORTE |
| 901 | _aT.C.561 H47 SAI 2012 | ||
| 902 | _aM | ||
| 905 | _a5232272012 2011 MX AiMN8223223322SPA16 | ||
| 942 | _2local | ||
| 942 | _cVE | ||
| 999 |
_c175788 _d175788 |
||